[Event "XXVII Coppa d'Oro"]
[Site "Villa Guardia ITA"]
[Date "2009.10.09"]
[Round "1"]
[White "Lotti, Riccardo"]
[Black "Cervini, Gian Piero"]
[Result "0-1"]
[WhiteElo "1356"]
[BlackElo "1767"]
[PlyCount "84"]
[EventDate "2009.10.09"]

1. Nf3 Nf6 2. g3 g6 3. Bg2 Bg7 4. O-O O-O 5. d3 d6 6. Nbd2 c5 7. c3 Bd7 8. Qc2
Qc8 9. b3 Bh3 10. Ne4 Nxe4 11. dxe4 Bxg2 12. Kxg2 b5 13. Rb1 a5 14. Qd3 b4 15.
c4 a4 16. Bb2 axb3 17. axb3 Nc6 18. Bxg7 Kxg7 19. Qd2 Ra3 20. h4 Qg4 21. Qd5
Na5 22. e5 Rxb3 23. exd6 exd6 24. Qxd6 Qxc4 25. Rbc1 Qxe2 26. Qxc5 Qxf3+ 27.
Kh2 Nb7 28. Qe5+ Qf6 29. Qd5 Qf3 30. Qe5+ Kg8 31. Rc7 Rc3 32. Re7 Nc5 33. Qd4
Rc2 34. Kg1 b3 35. Re3 Qb7 36. Rb1 b2 37. Rc3 Ne6 38. Qe3 Rxc3 39. Qxc3 Rb8 40.
Qd3 Qb3 41. Qd2 Nc5 42. Qe2 Na4 0-1

[Event "XXVII Coppa d'Oro"]
[Site "Villa Guardia ITA"]
[Date "2009.10.09"]
[Round "1"]
[White "Rossi, Silio"]
[Black "Zuccoli, Maurizio"]
[Result "0-1"]
[WhiteElo "1583"]
[BlackElo "1856"]
[PlyCount "38"]
[EventDate "2009.10.09"]

1. b4 d5 2. Bb2 Bf5 3. Nf3 Nd7 4. e3 Ngf6 5. Nd4 Bg6 6. a3 e5 7. Nf3 Bd6 8. Be2
O-O 9. Nh4 Qe7 10. Nxg6 fxg6 11. d4 e4 12. c4 Qf7 13. c5 Bxh2 14. f4 exf3 15.
Bxf3 Bg3+ 16. Kd2 Ne4+ 17. Bxe4 dxe4 18. Rh3 Qc4 19. Rxg3 Rf1 0-1

[Event "XXVII Coppa d'Oro"]
[Site "Villa Guardia ITA"]
[Date "2009.10.10"]
[Round "2"]
[White "Cairoli, Camillo"]
[Black "Giaracuni, Claudio"]
[Result "1-0"]
[WhiteElo "1955"]
[BlackElo "1771"]
[PlyCount "129"]
[EventDate "2009.10.09"]

1. e4 e6 2. d4 d5 3. Nd2 c5 4. c3 Nc6 5. Ngf3 Nf6 6. e5 Nd7 7. Be2 Be7 8. O-O
O-O 9. Re1 cxd4 10. cxd4 Qb6 11. Nb3 Bb4 12. Bd2 f6 13. exf6 Nxf6 14. Bd3 a5
15. Bxb4 Qxb4 16. a3 Qb6 17. Bc2 Ne4 18. Bxe4 dxe4 19. Rxe4 a4 20. Nc5 Qxb2 21.
Qc1 Qxc1+ 22. Rxc1 Rd8 23. h3 Rd6 24. Kf1 b6 25. Nd3 Ba6 26. Ke2 Rad8 27. Ke3
Bxd3 28. Kxd3 e5 29. Rc4 b5 30. Rc5 b4 31. axb4 a3 32. b5 a2 33. Rc1 Nb4+ 34.
Kd2 Nc2 35. Kxc2 Rc8+ 36. Kb2 Rxc1 37. Kxa2 exd4 38. Rxd4 Re6 39. Rd8+ Kf7 40.
Ng5+ Ke7 41. Nxe6 Kxe6 42. Rd2 Rc5 43. Rb2 Kd7 44. Ka3 Kc7 45. b6+ Kb7 46. Ka2
g5 47. Kb1 Rc6 48. Rb5 Rxb6 49. Rxb6+ Kxb6 50. Kc2 Kc5 51. Kd3 Kd5 52. Ke3 Ke5
53. g4 Ke6 54. Ke4 Kf6 55. Kd5 Kf7 56. Ke5 Kg6 57. Ke6 Kg7 58. Kf5 h6 59. Ke6
Kg6 60. Ke7 Kg7 61. f3 Kg6 62. Kf8 h5 63. Ke7 h4 64. Ke6 Kg7 65. Kf5 1-0

[Event "XXVII Coppa d'Oro"]
[Site "Villa Guardia ITA"]
[Date "2009.10.10"]
[Round "2"]
[White "Cervini, Gian Piero"]
[Black "Pede, Lucio"]
[Result "1-0"]
[WhiteElo "1767"]
[BlackElo "1943"]
[PlyCount "97"]
[EventDate "2009.10.09"]

1. e4 e5 2. Nf3 Nc6 3. d4 exd4 4. Bc4 Be7 5. Nxd4 d6 6. Nc3 Nxd4 7. Qxd4 Bf6 8.
Qd3 Ne7 9. Bf4 Ng6 10. Bg3 Ne5 11. Bxe5 Bxe5 12. f4 Bxc3+ 13. Qxc3 O-O 14.
O-O-O Be6 15. Rd3 Qe7 16. Rg3 f6 17. Bd3 c6 18. h4 b5 19. h5 h6 20. f5 Bd7 21.
Rh4 Rfc8 22. Rhg4 Be8 23. Rxg7+ Qxg7 24. Qe1 Rc7 25. Rxg7+ Rxg7 26. Qh4 Rg5 27.
Qf4 Rd8 28. g4 Bf7 29. b3 Kh7 30. Kb2 Rgg8 31. Ka3 Rge8 32. Kb4 Re5 33. Qe3 Rc5
34. Ka5 a6 35. Kb6 a5 36. Kc7 Re8 37. Kxd6 Rce5 38. Kxc6 Bd5+ 39. Kd6 Ba8 40.
Qa7+ Kh8 41. Qf7 Rd8+ 42. Kc7 Rde8 43. Qxf6+ Kh7 44. Qg6+ Kh8 45. Qxh6+ Kg8 46.
Qg6+ Kh8 47. f6 Rc5+ 48. Kd7 Bc6+ 49. Kd6 1-0

[Event "XXVII Coppa d'Oro"]
[Site "Villa Guardia ITA"]
[Date "2009.10.10"]
[Round "2"]
[White "Corti, Filippo"]
[Black "Ghelfi, Giancarlo"]
[Result "1-0"]
[WhiteElo "1708"]
[BlackElo "1682"]
[PlyCount "59"]
[EventDate "2009.10.09"]

1. e4 d6 2. g3 g6 3. Bg2 Bg7 4. Nc3 Nf6 5. Nge2 Nbd7 6. O-O O-O 7. d3 Rb8 8.
Be3 b6 9. h3 Bb7 10. f4 e6 11. Qd2 Ne8 12. f5 exf5 13. exf5 Bxg2 14. Kxg2 Nef6
15. Nd4 Qc8 16. Kh2 Qb7 17. Qg2 d5 18. Bg5 a6 19. fxg6 fxg6 20. Ne6 Rf7 21.
Nxg7 Kxg7 22. Qd2 Ne5 23. Bxf6+ Rxf6 24. Rxf6 Kxf6 25. Qf4+ Kg7 26. Qxe5+ Kh6
27. Qf4+ Kg7 28. Qe5+ Kh6 29. Rf1 c6 30. Rf4 1-0

[Event "XXVII Coppa d'Oro"]
[Site "Villa Guardia ITA"]
[Date "2009.10.10"]
[Round "2"]
[White "Grassetto, Gilberto"]
[Black "Larghi, Riccardo"]
[Result "0-1"]
[WhiteElo "1881"]
[BlackElo "1864"]
[PlyCount "105"]
[EventDate "2009.10.09"]

1. d4 Nf6 2. c4 e6 3. a3 b6 4. Nf3 Bb7 5. e3 Be7 6. Nbd2 O-O 7. b4 d5 8. Bb2
Nbd7 9. c5 Ne4 10. Qc2 Nxd2 11. Nxd2 c6 12. Bd3 h6 13. Nf3 a5 14. O-O Ba6 15.
Rfc1 Bxd3 16. Qxd3 b5 17. Nd2 f5 18. Nb3 a4 19. Nd2 Qe8 20. Rf1 Qh5 21. Rae1
Rae8 22. f3 Bd8 23. e4 Bc7 24. g3 Nf6 25. exf5 exf5 26. Rxe8 Rxe8 27. Rf2 Kf7
28. Re2 Rxe2 29. Qxe2 g5 30. Bc1 Qg6 31. Qd3 h5 32. Nf1 g4 33. fxg4 fxg4 34.
Qxg6+ Kxg6 35. Kg2 Kf5 36. Bh6 Ke4 37. h3 Kxd4 38. Bg7 Be5 39. Bxf6 gxh3+ 40.
Kxh3 Bxf6 41. g4 hxg4+ 42. Kxg4 Kc4 43. Kf5 Bb2 44. Ne3+ Kd4 45. Nc2+ Kd3 46.
Ne1+ Kd2 47. Ng2 Bxa3 48. Nf4 Ke3 49. Nxd5+ Kd4 50. Ke6 Bxb4 51. Nxb4 Kxc5 52.
Nc2 b4 53. Ke5 0-1

[Event "XXVII Coppa d'Oro"]
[Site "Villa Guardia ITA"]
[Date "2009.10.10"]
[Round "2"]
[White "Moioli, Ferruccio"]
[Black "Lotti, Riccardo"]
[Result "1-0"]
[WhiteElo "1599"]
[BlackElo "1356"]
[PlyCount "57"]
[EventDate "2009.10.09"]

1. d4 Nf6 2. Nf3 g6 3. Bg5 Bg7 4. c4 c5 5. e3 Nc6 6. Nc3 cxd4 7. exd4 d5 8.
Bxf6 Bxf6 9. cxd5 Nb8 10. Bc4 Nd7 11. O-O O-O 12. Re1 Nb6 13. Bb3 Re8 14. Ne5
e6 15. dxe6 Bxe6 16. d5 Bf5 17. f4 Qd6 18. Qd4 Bd7 19. Ne4 Bxe5 20. fxe5 Qe7
21. Nf6+ Kf8 22. Nxe8 Qxe8 23. Rf1 Bb5 24. Rf2 Ba4 25. e6 Bxb3 26. Rxf7+ Qxf7
27. exf7 Bxd5 28. Rf1 Rc8 29. Qb4+ 1-0

[Event "XXVII Coppa d'Oro"]
[Site "Villa Guardia ITA"]
[Date "2009.10.10"]
[Round "2"]
[White "Napolitano, Matteo"]
[Black "Boffi, Luigi"]
[Result "1-0"]
[WhiteElo "1437"]
[BlackElo "1621"]
[PlyCount "102"]
[EventDate "2009.10.09"]

1. d4 Nf6 2. c4 e6 3. Nf3 b6 4. e3 Bb7 5. Bd3 Be7 6. O-O d6 7. Nc3 O-O 8. e4 h6
9. Re1 c5 10. d5 exd5 11. exd5 Re8 12. Bd2 Bf8 13. Ne4 Nbd7 14. Bc3 Nxe4 15.
Bxe4 Nf6 16. Bd3 Be7 17. Bd2 b5 18. b3 a5 19. Qc1 Bf8 20. Qc2 bxc4 21. bxc4 Bc8
22. Bf5 Bxf5 23. Qxf5 g6 24. Qc2 Bg7 25. Rab1 Qc7 26. Rxe8+ Rxe8 27. Rb5 Re2
28. Qd3 Qe7 29. Rxa5 Ng4 30. Be3 Rb2 31. h3 Nxe3 32. fxe3 Qb7 33. Rb5 Qa6 34.
Rxb2 Bxb2 35. Qb3 Ba3 36. Qb5 Qa7 37. Kf2 Kg7 38. Ke2 Qe7 39. Qb3 Qa7 40. Nd2
Qa5 41. Ne4 Bc1 42. Qc3+ Qxc3 43. Nxc3 Kf8 44. Nb5 Ke7 45. a4 Kd7 46. Kd3 Bb2
47. Nc3 Kc7 48. Nb5+ Kd7 49. a5 Kc8 50. Nxd6+ Kb8 51. Nxf7 h5 1-0

[Event "XXVII Coppa d'Oro"]
[Site "Villa Guardia ITA"]
[Date "2009.10.10"]
[Round "2"]
[White "Raineri, Pieroberto"]
[Black "Rossi, Silio"]
[Result "1-0"]
[WhiteElo "1677"]
[BlackElo "1583"]
[PlyCount "78"]
[EventDate "2009.10.09"]

1. d4 Nf6 2. c4 d5 3. cxd5 Qxd5 4. Nc3 Qd7 5. Bf4 Nd5 6. Nxd5 Qxd5 7. Nf3 c6 8.
g3 e6 9. a3 h6 10. Bg2 g5 11. Be5 Rg8 12. O-O Qb5 13. Qc2 Nd7 14. d5 Qxd5 15.
Rad1 Qb5 16. Bc7 Be7 17. Nd4 Qc5 18. Qd2 a6 19. b4 Qa7 20. Nb3 b6 21. Bd6 Qb7
22. Bxe7 Kxe7 23. Qd6+ Ke8 24. Bxc6 Qa7 25. Bxa8 Qxa8 26. Rc1 Kd8 27. Nd4 Qd5
28. Nc6+ Qxc6 29. Qxc6 Ke7 30. Rfd1 Rd8 31. Qd6+ Kf6 32. g4 Kg7 33. Qe7 Rf8 34.
Rxc8 Rxc8 35. Rxd7 Rf8 36. e4 Kg8 37. e5 Kg7 38. Qf6+ Kh7 39. Qxh6+ Kg8 1-0

[Event "XXVII Coppa d'Oro"]
[Site "Villa Guardia ITA"]
[Date "2009.10.10"]
[Round "2"]
[White "Zuccoli, Maurizio"]
[Black "Colombo, Alberto"]
[Result "0-1"]
[WhiteElo "1856"]
[BlackElo "2080"]
[PlyCount "78"]
[EventDate "2009.10.09"]

1. e4 e6 2. d4 d5 3. exd5 exd5 4. Nf3 Bd6 5. Be2 Ne7 6. O-O O-O 7. Bg5 Nbc6 8.
c3 Bf5 9. Nbd2 h6 10. Bh4 Qd7 11. Bb5 a6 12. Bxe7 Bxe7 13. Ne5 Qd6 14. Bxc6
bxc6 15. Qh5 Bh7 16. f4 c5 17. Rac1 Rab8 18. b3 f6 19. Ng6 Bxg6 20. Qxg6 f5 21.
Qh5 Bf6 22. dxc5 Qxc5+ 23. Kh1 Qe3 24. Nb1 Qe6 25. Rcd1 Rbe8 26. Qf3 c6 27. Qd3
Qe2 28. Qxf5 Qxa2 29. Qd7 Rc8 30. b4 Qc4 31. Qe6+ Kh8 32. Qe3 Rce8 33. Qd3 Re4
34. Qg3 Re2 35. Qd3 Qxd3 36. Rxd3 Rfe8 37. Nd2 R8e3 38. Rxe3 Rxe3 39. c4 Rd3
0-1

[Event "XXVII Coppa d'Oro"]
[Site "Villa Guardia ITA"]
[Date "2009.10.17"]
[Round "3"]
[White "Colombo, Alberto"]
[Black "Cervini, Gian Piero"]
[Result "1-0"]
[WhiteElo "2080"]
[BlackElo "1767"]
[PlyCount "39"]
[EventDate "2009.10.09"]

1. Nf3 c5 2. c3 g6 3. e3 Bg7 4. d4 d6 5. Bc4 cxd4 6. exd4 Nf6 7. O-O O-O 8. Re1
Nc6 9. Bg5 h6 10. Bf4 Qc7 11. Nbd2 Nh5 12. Be3 e5 13. dxe5 dxe5 14. Qe2 Bf5 15.
Nh4 Bd7 16. Nxg6 Nf4 17. Bxf4 exf4 18. Nxf8 Kxf8 19. Qh5 Ne5 20. Rxe5 1-0

[Event "XXVII Coppa d'Oro"]
[Site "Villa Guardia ITA"]
[Date "2009.10.17"]
[Round "3"]
[White "Ghelfi, Giancarlo"]
[Black "Napolitano, Matteo"]
[Result "1-0"]
[WhiteElo "1682"]
[BlackElo "1437"]
[PlyCount "77"]
[EventDate "2009.10.09"]

1. e4 e5 2. Nf3 Nc6 3. Bb5 a6 4. Ba4 Nf6 5. O-O Be7 6. Re1 b5 7. Bb3 O-O 8. d4
exd4 9. Nxd4 Na5 10. Bd2 Nxb3 11. axb3 Bc5 12. Nxb5 Bb7 13. N5c3 Bd4 14. Bg5
Bxc3 15. Nxc3 d6 16. Nd5 Bxd5 17. exd5 h6 18. Bh4 g5 19. Bg3 Re8 20. Qd2 Ne4
21. Qd3 Nxg3 22. Qxg3 Rxe1+ 23. Rxe1 Qf6 24. Qc3 Qxc3 25. bxc3 Kf8 26. g4 Re8
27. Re3 Rxe3 28. fxe3 Ke7 29. Kf2 Kf6 30. e4 Ke5 31. Ke3 a5 32. c4 Kf6 33. Kd4
Ke7 34. c5 Kf6 35. cxd6 cxd6 36. c4 Ke7 37. e5 dxe5+ 38. Kxe5 f6+ 39. Kf5 1-0

[Event "XXVII Coppa d'Oro"]
[Site "Villa Guardia ITA"]
[Date "2009.10.17"]
[Round "3"]
[White "Larghi, Riccardo"]
[Black "Cairoli, Camillo"]
[Result "1-0"]
[WhiteElo "1864"]
[BlackElo "1955"]
[PlyCount "39"]
[EventDate "2009.10.09"]

1. Nf3 Nf6 2. c4 g6 3. Nc3 Bg7 4. g3 d6 5. Bg2 c6 6. O-O O-O 7. d4 a5 8. e4 Qc7
9. Bg5 Na6 10. Qd2 e5 11. Bh6 exd4 12. Nxd4 Re8 13. Rad1 Nc5 14. Bxg7 Kxg7 15.
Nf5+ Bxf5 16. exf5 Rad8 17. fxg6 hxg6 18. f4 b5 19. cxb5 Qb6 20. Qd4 1-0

[Event "XXVII Coppa d'Oro"]
[Site "Villa Guardia ITA"]
[Date "2009.10.17"]
[Round "3"]
[White "Moioli, Ferruccio"]
[Black "Zuccoli, Maurizio"]
[Result "0-1"]
[WhiteElo "1599"]
[BlackElo "1856"]
[PlyCount "80"]
[EventDate "2009.10.09"]

1. e4 c5 2. c3 d5 3. exd5 Qxd5 4. Qf3 Nf6 5. Qxd5 Nxd5 6. Bc4 Nf4 7. g3 Ng6 8.
Nf3 e6 9. O-O a6 10. d4 b5 11. Bd3 Bb7 12. Nbd2 cxd4 13. Nxd4 Nd7 14. b4 Rc8
15. Bb2 Nb6 16. Bc2 Be7 17. a4 bxa4 18. Bxa4+ Nxa4 19. Rxa4 Ne5 20. b5 axb5 21.
Ra5 Nc4 22. Nxc4 bxc4 23. Ra7 Be4 24. Nb5 Bc5 25. Ra6 O-O 26. Nd6 Bxd6 27. Rxd6
Rb8 28. Ba3 Rfd8 29. Rfd1 Rxd6 30. Bxd6 Rd8 31. Rd4 f5 32. Kf1 Bd3+ 33. Kg2 g5
34. Kf3 Ra8 35. Be5 Ra2 36. Rd6 Be4+ 37. Ke3 Bd5 38. Rd7 Ra1 39. Rg7+ Kf8 40.
Rxh7 Re1+ 0-1

[Event "XXVII Coppa d'Oro"]
[Site "Villa Guardia ITA"]
[Date "2009.10.17"]
[Round "3"]
[White "Pede, Lucio"]
[Black "Corti, Filippo"]
[Result "1-0"]
[WhiteElo "1943"]
[BlackElo "1708"]
[PlyCount "99"]
[EventDate "2009.10.09"]

1. e4 c6 2. d4 d5 3. e5 Bf5 4. g4 Bg6 5. h4 h5 6. g5 e6 7. Bd3 Bxd3 8. Qxd3 g6
9. Ne2 Nd7 10. c4 Bb4+ 11. Kf1 dxc4 12. Qxc4 Ba5 13. Nbc3 Ne7 14. Ng3 Bxc3 15.
bxc3 Nb6 16. Qe2 Qd5 17. Ne4 O-O-O 18. Rh3 Nf5 19. a4 Qc4 20. Qxc4 Nxc4 21. a5
Rd5 22. Nc5 Nxd4 23. cxd4 Rxd4 24. f4 Rhd8 25. Ke2 Nd2 26. Bxd2 Rxd2+ 27. Ke1
Rg2 28. Ra4 Rdd2 29. Ne4 Rb2 30. Nd6+ Kd7 31. Kf1 Rbf2+ 32. Ke1 Re2+ 33. Kd1
Rd2+ 34. Kc1 Rc2+ 35. Kb1 Rb2+ 36. Ka1 Rbf2 37. Rh1 Rb2 38. Nxf7 Rh2 39. Rd1+
Kc7 40. Nh8 b5 41. axb6+ axb6 42. Nxg6 b5 43. Ra8 Kb7 44. Ra3 b4 45. Ra4 Kb6
46. Ne7 Kc5 47. Ra8 Rhc2 48. g6 Rg2 49. g7 Rxg7 50. Kxb2 1-0

[Event "XXVII Coppa d'Oro"]
[Site "Villa Guardia ITA"]
[Date "2009.10.17"]
[Round "3"]
[White "Raineri, Pieroberto"]
[Black "Grassetto, Gilberto"]
[Result "0-1"]
[WhiteElo "1677"]
[BlackElo "1881"]
[PlyCount "114"]
[EventDate "2009.10.09"]

1. d4 d5 2. c4 c6 3. Nf3 Nf6 4. Nc3 e6 5. Bf4 Nbd7 6. e3 dxc4 7. a4 Bb4 8. Nd2
Nd5 9. Bxc4 Nxf4 10. exf4 O-O 11. O-O Qa5 12. Rc1 Nf6 13. Re1 Bd7 14. Re5 Qc7
15. g3 Rfd8 16. Nde4 Nd5 17. Bxd5 cxd5 18. Nxd5 Qxc1 19. Qxc1 exd5 20. Nc3 Bc6
21. Qd1 Rd7 22. Ne2 a5 23. b3 Rc8 24. Nc1 Rdc7 25. Nd3 Bd6 26. Re1 b5 27. axb5
Bxb5 28. Ne5 Bb4 29. Kg2 Bxe1 30. Qxe1 Rc3 31. Qa1 Rxb3 32. Qxa5 f6 33. Nd3
Rxd3 34. Qxb5 Rxd4 35. Qd7 Rf8 36. Qe6+ Kh8 37. Qe7 Rg8 38. h4 h6 39. Qc5 Rd1
40. Qc2 Ra1 41. Qc5 Rd8 42. Qd4 Raa8 43. g4 Rac8 44. g5 Rc4 45. Qd3 Rxf4 46.
Kg3 fxg5 47. hxg5 hxg5 48. Qg6 Rf6 49. Qxg5 d4 50. Qa5 Rdd6 51. Qh5+ Rh6 52.
Qe8+ Kh7 53. Qe4+ Rhg6+ 54. Kh4 d3 55. f4 d2 56. f5 d1=Q 57. fxg6+ Rxg6 0-1

[Event "XXVII Coppa d'Oro"]
[Site "Villa Guardia ITA"]
[Date "2009.10.17"]
[Round "3"]
[White "Rossi, Silio"]
[Black "Boffi, Luigi"]
[Result "1-0"]
[WhiteElo "1583"]
[BlackElo "1621"]
[PlyCount "109"]
[EventDate "2009.10.09"]

1. b4 Nf6 2. Bb2 e6 3. a3 Be7 4. Nc3 d5 5. e3 O-O 6. Nf3 Nbd7 7. Be2 c5 8. bxc5
Nxc5 9. O-O a6 10. d4 Nce4 11. Nxe4 Nxe4 12. Bd3 Nf6 13. Nd2 b5 14. Nb3 Bb7 15.
Qd2 Rc8 16. Bc3 Qd7 17. Nc5 Bxc5 18. dxc5 Qe7 19. Bb4 Rc6 20. h3 Rfc8 21. Rfc1
Nd7 22. Qc3 Qe8 23. Qd4 Nf6 24. Qh4 e5 25. Bf5 R8c7 26. Ba5 Re7 27. Bb6 Bc8 28.
Bxc8 Rxc8 29. Qb4 Qc6 30. a4 Ree8 31. axb5 Qxb5 32. Qxb5 axb5 33. Rcb1 Nd7 34.
Rxb5 Rc6 35. Ra2 Rec8 36. Rba5 h6 37. Ra8 Nxc5 38. Bxc5 Rxc5 39. Rxc8+ Rxc8 40.
Kf1 f5 41. Ke2 Rc6 42. Kd2 Kf7 43. Ra7+ Kg6 44. Ra5 Rd6 45. g3 Kf6 46. f4 exf4
47. gxf4 g5 48. Ra4 g4 49. hxg4 fxg4 50. Ke2 h5 51. Kf2 h4 52. Ra3 Kf5 53. Rc3
d4 54. Rc5+ Ke4 55. Re5# 1-0

[Event "XXVII Coppa d'Oro"]
[Site "Villa Guardia ITA"]
[Date "2009.10.24"]
[Round "4"]
[White "Boffi, Luigi"]
[Black "Moioli, Ferruccio"]
[Result "0-1"]
[WhiteElo "1621"]
[BlackElo "1599"]
[PlyCount "128"]
[EventDate "2009.10.09"]

1. e4 d6 2. d4 Nf6 3. Nc3 g6 4. Nf3 Bg7 5. h3 b6 6. Bb5+ c6 7. Bd3 Nbd7 8. O-O
O-O 9. Be3 c5 10. Qd2 cxd4 11. Bxd4 Bb7 12. Rfe1 Nc5 13. Be3 Nfxe4 14. Nxe4
Bxe4 15. Bxe4 Nxe4 16. Qc1 Rc8 17. Rb1 Nc5 18. Qd2 Ne6 19. c3 Rc7 20. Rbd1 Qc8
21. Bh6 Rc5 22. Bxg7 Kxg7 23. Nd4 Rh5 24. Nxe6+ fxe6 25. Qd4+ e5 26. Qa4 Qc5
27. Qc2 Rhf5 28. Rf1 a5 29. c4 b5 30. b3 bxc4 31. bxc4 Rf4 32. Qd2 Rd4 33. Qe2
Qxc4 34. Qxc4 Rxc4 35. Rd2 a4 36. Rb1 Rfc8 37. Rb7 Kf6 38. g4 a3 39. g5+ Ke6
40. Ra7 Rc3 41. Re2 R8c4 42. Kg2 Rc7 43. Ra8 Kf7 44. Re4 Rc8 45. Ra6 Ke6 46.
Rh4 Rh8 47. Ra5 Rd3 48. Re4 Kf5 49. Rg4 d5 50. Ra7 h5 51. gxh6 Rxh6 52. Rg3
Rxg3+ 53. Kxg3 e6 54. Rxa3 Rh8 55. Rf3+ Ke4 56. Rf6 Ra8 57. Rxe6 Rxa2 58. Rxg6
d4 59. h4 d3 60. h5 d2 61. Rd6 Ra3+ 62. Kg4 Rd3 63. f3+ Ke3 64. Re6 d1=Q 0-1

[Event "XXVII Coppa d'Oro"]
[Site "Villa Guardia ITA"]
[Date "2009.10.24"]
[Round "4"]
[White "Cairoli, Camillo"]
[Black "Corti, Filippo"]
[Result "1-0"]
[WhiteElo "1955"]
[BlackElo "1708"]
[PlyCount "83"]
[EventDate "2009.10.09"]

1. e4 c6 2. d4 d5 3. Nc3 dxe4 4. Nxe4 Bf5 5. Ng3 Bg6 6. Nf3 Nd7 7. h4 h6 8. h5
Bh7 9. Bd3 Bxd3 10. Qxd3 Qc7 11. Rh4 e6 12. Ne4 Ngf6 13. Bf4 Qa5+ 14. Bd2 Qc7
15. O-O-O Nxe4 16. Qxe4 Nf6 17. Qe2 Bd6 18. c4 O-O-O 19. g3 c5 20. Bc3 cxd4 21.
Nxd4 a6 22. Kb1 Kb8 23. Nb3 Rc8 24. Rc1 Qe7 25. Bd4 Rhd8 26. c5 Bc7 27. c6 b5
28. a4 Rd5 29. Nc5 Rcd8 30. Nxa6+ Kc8 31. Be3 Ba5 32. axb5 Rd2 33. Bxd2 Rxd2
34. Qe5 Rd6 35. b6 Bxb6 36. Rb4 Nd5 37. Rxb6 Nxb6 38. Qb5 Qa7 39. c7 Rd7 40.
Rc6 Rd5 41. Qxb6 Qxb6 42. Rxb6 1-0

[Event "XXVII Coppa d'Oro"]
[Site "Villa Guardia ITA"]
[Date "2009.10.24"]
[Round "4"]
[White "Giaracuni, Claudio"]
[Black "Ghelfi, Giancarlo"]
[Result "1/2-1/2"]
[WhiteElo "1771"]
[BlackElo "1682"]
[PlyCount "46"]
[EventDate "2009.10.09"]

1. c4 Nf6 2. Nc3 g6 3. Nf3 Bg7 4. g3 O-O 5. Bg2 d6 6. d4 Nbd7 7. Bg5 h6 8. Bxf6
Nxf6 9. e3 Rb8 10. O-O Be6 11. d5 Bf5 12. Nd4 Bd7 13. Qc2 c5 14. dxc6 bxc6 15.
Nxc6 Bxc6 16. Bxc6 Qb6 17. Nd5 Nxd5 18. cxd5 Qxb2 19. Qe4 Bf6 20. Rfb1 Qa3 21.
Rxb8 Rxb8 22. Rb1 Rxb1+ 23. Qxb1 Qc5 1/2-1/2

[Event "XXVII Coppa d'Oro"]
[Site "Villa Guardia ITA"]
[Date "2009.10.24"]
[Round "4"]
[White "Grassetto, Gilberto"]
[Black "Cervini, Gian Piero"]
[Result "1-0"]
[WhiteElo "1881"]
[BlackElo "1767"]
[PlyCount "43"]
[EventDate "2009.10.09"]

1. d4 Nf6 2. c4 g6 3. Nc3 Bg7 4. e4 d6 5. f3 O-O 6. Be3 Nbd7 7. Nh3 c5 8. d5 e6
9. dxe6 fxe6 10. Qd2 Ne5 11. O-O-O Ne8 12. Bxc5 Nf7 13. Be3 Qa5 14. Kb1 Bd7 15.
Nf2 a6 16. Ne2 Qc7 17. h4 Qxc4 18. h5 d5 19. hxg6 hxg6 20. Nf4 Qa4 21. Nxg6 Nf6
22. Ne7# 1-0

[Event "XXVII Coppa d'Oro"]
[Site "Villa Guardia ITA"]
[Date "2009.10.24"]
[Round "4"]
[White "Larghi, Riccardo"]
[Black "Colombo, Alberto"]
[Result "0-1"]
[WhiteElo "1864"]
[BlackElo "2080"]
[PlyCount "66"]
[EventDate "2009.10.09"]

1. Nf3 Nf6 2. g3 g6 3. Bg2 Bg7 4. O-O O-O 5. d4 d6 6. c4 Nbd7 7. Nc3 c6 8. Qc2
Qc7 9. Rd1 e5 10. b3 Re8 11. dxe5 dxe5 12. Ng5 Nc5 13. Ba3 Bf8 14. Rd2 h6 15.
Bxc5 Bxc5 16. Nge4 Nxe4 17. Nxe4 Be7 18. Rad1 Bf5 19. Qc3 Red8 20. e3 Rxd2 21.
Rxd2 a5 22. c5 Bxe4 23. Bxe4 Rd8 24. Rxd8+ Bxd8 25. h4 h5 26. Qc4 Kf8 27. Qc3
Kg7 28. Kg2 f5 29. Bd3 Bf6 30. e4 f4 31. a3 Qd8 32. gxf4 exf4 33. Qc2 Bxh4 0-1

[Event "XXVII Coppa d'Oro"]
[Site "Villa Guardia ITA"]
[Date "2009.10.24"]
[Round "4"]
[White "Lotti, Riccardo"]
[Black "Rossi, Silio"]
[Result "1-0"]
[WhiteElo "1356"]
[BlackElo "1583"]
[PlyCount "153"]
[EventDate "2009.10.09"]

1. Nf3 d6 2. g3 Nc6 3. Bg2 Bd7 4. O-O h6 5. d3 Qc8 6. e4 Bg4 7. Nbd2 Nf6 8. c3
Ne5 9. Qc2 Nxf3+ 10. Nxf3 Bh3 11. Re1 Bxg2 12. Kxg2 e5 13. Qa4+ Qd7 14. Qb3 c6
15. d4 exd4 16. cxd4 O-O-O 17. Qd3 d5 18. e5 Ne4 19. Nd2 Bb4 20. a3 Bxd2 21.
Bxd2 Ng5 22. Kh1 Ne4 23. Rf1 Qf5 24. Kg2 Qd7 25. f3 Ng5 26. g4 Kb8 27. Bf4 Ne6
28. Bg3 h5 29. h3 g6 30. Qe3 Ka8 31. Be1 g5 32. Bb4 Nf4+ 33. Kg3 hxg4 34. e6
Rxh3+ 35. Kxg4 Qxe6+ 36. Qxe6 fxe6 37. Be7 Rh4+ 38. Kxg5 Rg8+ 39. Kf6 Rg6+ 40.
Ke5 Nd3+ 41. Kd6 Rh7 42. Rg1 Rhg7 43. Rxg6 Rxg6 44. Rh1 a6 45. Rh8+ Ka7 46. Rf8
Nxb2 47. Kc7 Na4 48. Kd7 Rg7 49. Kxe6 Rg1 50. f4 Re1+ 51. Kd7 Nb6+ 52. Kd8 Na4
53. f5 Rf1 54. f6 Rf4 55. Re8 Rf5 56. Rg8 b5 57. Kc7 Rf4 58. Kxc6 Rf5 59. Rg7
Kb8 60. Bd6+ Ka8 61. f7 Rf3 62. Rg8+ Ka7 63. f8=Q Rxf8 64. Bxf8 b4 65. Rg7+ Ka8
66. Bxb4 a5 67. Bxa5 Kb8 68. Kxd5 Kc8 69. Ke4 Nb2 70. d5 Nc4 71. Bb4 Nb6 72. d6
Nd7 73. Kd5 Nb8 74. Ke4 Nd7 75. a4 Nf6+ 76. Ke5 Nd7+ 77. Rxd7 1-0

[Event "XXVII Coppa d'Oro"]
[Site "Villa Guardia ITA"]
[Date "2009.10.24"]
[Round "4"]
[White "Napolitano, Matteo"]
[Black "Raineri, Pieroberto"]
[Result "0-1"]
[WhiteElo "1437"]
[BlackElo "1677"]
[PlyCount "68"]
[EventDate "2009.10.09"]

1. d4 Nf6 2. c4 g6 3. Nc3 Bg7 4. e4 d6 5. Nf3 O-O 6. Bd3 e5 7. d5 a5 8. h3 Na6
9. Be3 Bd7 10. Qe2 b6 11. g4 a4 12. a3 Nc5 13. Bxc5 bxc5 14. Bc2 Ra7 15. Nd2
Bh6 16. Rg1 Bf4 17. Nf3 Ne8 18. Qd3 Ng7 19. Ne2 Qf6 20. g5 Bxg5 21. Nxg5 h6 22.
Qf3 Qe7 23. h4 hxg5 24. hxg5 Rb7 25. Rh1 Rfb8 26. Qh3 Nh5 27. Qh4 Kg7 28. Qh2
Rxb2 29. Rc1 Qxg5 30. Rg1 Qh6 31. Kd1 Ra2 32. Qh4 Nf6 33. Qg3 Nxe4 34. Bxe4
Qd2# 0-1

[Event "XXVII Coppa d'Oro"]
[Site "Villa Guardia ITA"]
[Date "2009.10.24"]
[Round "4"]
[White "Zuccoli, Maurizio"]
[Black "Pede, Lucio"]
[Result "1-0"]
[WhiteElo "1856"]
[BlackElo "1943"]
[PlyCount "84"]
[EventDate "2009.10.09"]

1. e4 e5 2. Nf3 Nc6 3. Bb5 d6 4. d4 exd4 5. Nxd4 Bd7 6. Bxc6 bxc6 7. c4 c5 8.
Ne2 Nf6 9. Nbc3 Be7 10. O-O O-O 11. Re1 Bc6 12. Ng3 Nd7 13. Nd5 Bxd5 14. exd5
Bf6 15. Rb1 Ne5 16. b3 c6 17. f4 Ng6 18. dxc6 Qc7 19. Nf5 Qxc6 20. Qxd6 Qxd6
21. Nxd6 Bd4+ 22. Kf1 Rfd8 23. Nb5 a6 24. Nc7 Rac8 25. Nd5 Re8 26. Bd2 Rxe1+
27. Rxe1 Ra8 28. g3 h5 29. Bc3 Bxc3 30. Nxc3 f5 31. Re6 Kf7 32. Rc6 h4 33. Rxc5
hxg3 34. hxg3 Ke6 35. Rc6+ Kf7 36. Rc7+ Kf8 37. Nd5 Nh8 38. Nb6 Rd8 39. Ra7 Nf7
40. Nd7+ Ke8 41. Ne5 Nxe5 42. fxe5 Rd3 1-0

[Event "XXVII Coppa d'Oro"]
[Site "Villa Guardia ITA"]
[Date "2009.10.31"]
[Round "5"]
[White "Cervini, Gian Piero"]
[Black "Raineri, Pieroberto"]
[Result "0-1"]
[WhiteElo "1767"]
[BlackElo "1677"]
[PlyCount "64"]
[EventDate "2009.10.09"]

1. e4 c5 2. c3 Nf6 3. e5 Nd5 4. Nf3 Nc6 5. d4 cxd4 6. cxd4 d6 7. Bb5 dxe5 8.
Bxc6+ bxc6 9. Nxe5 Qa5+ 10. Bd2 Qa6 11. Qc2 Be6 12. Qxc6+ Qxc6 13. Nxc6 Bd7 14.
Ne5 Bb5 15. Nc3 Nxc3 16. Bxc3 f6 17. Nf3 Bc4 18. Nd2 Bd3 19. O-O-O g6 20. Rhe1
Bh6 21. d5 Kf7 22. g3 Rhd8 23. f4 Rxd5 24. Ne4 Rad8 25. Nf2 e5 26. Ng4 Bg7 27.
fxe5 Bf5 28. Rxd5 Rxd5 29. Nxf6 Bh6+ 30. Bd2 Rxd2 31. g4 Rxh2+ 32. Kd1 Bc2# 0-1

[Event "XXVII Coppa d'Oro"]
[Site "Villa Guardia ITA"]
[Date "2009.10.31"]
[Round "5"]
[White "Colombo, Alberto"]
[Black "Grassetto, Gilberto"]
[Result "1-0"]
[WhiteElo "2080"]
[BlackElo "1881"]
[PlyCount "63"]
[EventDate "2009.10.09"]

1. d4 d5 2. Nf3 Nf6 3. c3 e6 4. Bg5 Nbd7 5. Nbd2 Be7 6. e3 a6 7. Bd3 c5 8. O-O
O-O 9. a4 h6 10. Bh4 b6 11. Re1 Re8 12. Bc2 Nf8 13. Ne5 Bd7 14. Qe2 c4 15. e4
b5 16. axb5 axb5 17. Qe3 Ng6 18. Nxg6 fxg6 19. e5 Rxa1 20. Rxa1 Nh7 21. Bxe7
Qxe7 22. Bxg6 Rf8 23. Qg3 b4 24. Ra7 bxc3 25. bxc3 Qd8 26. Bc2 Ng5 27. h4 Ne4
28. Nxe4 dxe4 29. Bxe4 g5 30. hxg5 hxg5 31. f4 Rf7 32. Qxg5+ 1-0